Ufo361 - errate den Song - Statistiken

Allgemein
  • Dieses Quiz wurde 98 mal gespielt
  • Das Durchschnittsergebnis liegt bei 5 aus 15
Antwortstatistiken
Line Album Hint Antwort % Korrekt
Fuck Nazis (Ja), fuck Cops (Fuck Cops) Meine Seele schwarz, ja, ich bin ein MOF (MOF) SONY MOF
66%
Schmeiß' die Bitch raus, wenn sie ihren Mood changt STAY HIGH 7
59%
Komm, wir trinken noch ein Glas, ja, ja Tiffany EP Tiffany
48%
All die Hunde, die Ratten und Schlang'n, ich lasse sie hinter mir 808 Kontostand
46%
Baby, lass ein'n rauchen, lass uns runterfahr'n, ey VVS Sonnenuntergang
43%
Ja, der AMG von deinem Vater ist geleast (Ja) LOVE MY LIFE NO REPLY
42%
Geh' jede Woche hier zu Prada, als wäre es Nahkauf DESTROY ALL COPIES Bauhaus
40%
Zu viel Geld auf der Bank, zu viel Drip, ja, wir sind so Rich Rich Nur zur Info
39%
Gib mir den Joint und ich zieh' dran Ich bin 2 Berliner Flieg
31%
Ja, sie flüstert in mein Ohr, ey (Ja) „Ufo, ohne dich wär ich verlor'n, ey“ VVS Bonus EP Wo bist du
18%
Zum Frühstück Wockhardt, du bist meine Eins, ja (Eins, ja) WAVE Nike Leggins
16%
Model Bitches wie Naomi und du Trottel fickst mit 'ner Omi Ich bin ein Berliner Bang Bang
10%
Alles meins, denn ich lass' mir nichts nehm'n, nein Ich bin 3 Berliner James Dean
7%
Ufo361, immer fresh, so wie Mentos Ihr seid nicht allein Döörty
2%
Ich hab n Filmriss Bald ist dein Geld meins Filmriss
2%
Keine übereinstimmenden Quizze gefunden
Verteilung der Resultate
Anzahl Personen mit jedem Resultat
Perzentil nach korrekt beantworteten Fragen
Ihre Resultats-Entwicklung
Sie haben dieses Quiz noch nicht gespielt